Ora che la nebbia non c'è più : La rivoluzionaria storia di libertà e conquiste di una donna transgender /

שמור ב:
מידע ביבליוגרפי
מחבר ראשי: Verniani, Charlotte (Author)
פורמט: ספר
שפה:איטלקית
יצא לאור: Cervia : EIFIS, 2023
סדרה:Life
תגים: הוספת תג
אין תגיות, היה/י הראשונ/ה לתייג את הרשומה!

MARC

LEADER 00000nam a22000007i 4500
001 IT\ICCU\BA1\0167604
003 ItRI
005 20260115232142.0
008 231023s2023 it |||||| ||||| |||||c
020 |a 9788875174064 
040 |b ita  |c importazione bologna sebina 
041 7 |a ita  |2 ISO-639-2 
100 1 |a Verniani, Charlotte  |0 IT\ICCU\UBOV\470171  |4 aut 
240 1 0 |a Ora che la nebbia non c'è più  |3 IT\ICCU\UBO\4775838  |9 Verniani, Charlotte 
245 1 0 |a Ora che la nebbia non c'è più :  |b La rivoluzionaria storia di libertà e conquiste di una donna transgender /  |c Charlotte Verniani. 
260 |a Cervia :  |b EIFIS,  |c 2023 
300 |a 298 p. ;  |c 21 cm. 
830 0 |a Life  |0 IT\ICCU\CFI\1008573 
942 |2 ddc  |c BK  |n 0 
952 |0 0  |1 0  |4 0  |6 T_306_768000000000000_VER  |7 0  |9 20944  |a BO  |b BO  |d 2026-01-15  |i 20473  |l 0  |o T 306.768 VER  |p BO20473  |r 2026-01-15 23:21:42  |w 2026-01-15  |x [Sebina 5] [1 v.]  |y BK  |z 1 v. 
999 |c 17891  |d 17891